Title NOT in the Lyrics - The Beatles - Statistics

General Stats
  • This quiz has been taken 3,445 times
    3,430 since last reset
  • The average score is 4 of 7
Answer Stats
Hint Answer % Correct
I read the news today, oh boy / The English army had just won the war A Day in the Life
98%
Christ, you know it ain't easy / You know how hard it can be / The way things are going / They're going to crucify me The Ballad of John and Yoko
71%
Turn off your mind, relax, and float downstream / It is not dying / It is not dying Tomorrow Never Knows
56%
Yes I'm lonely, wanna die / Yes I'm lonely, wanna die / If I ain't dead already, girl you know the reason why Yer Blues
47%
Because you're sweet and lovely, girl, I love you / Because you're sweet and lovely, girl, it's true / I love you more than ever, girl, I do For You Blue
37%
Love me while you can / Before I'm a dead old man Love You To
26%
The farther one travels / The less one knows / The less one really knows The Inner Light
22%
No matching quizzes found
Score Distribution
Percent of People with Each Score
Percentile by Number Answered
Your Score History
You have not taken this quiz since the last reset